Nommez un gagnant de l'Eurovision de A à Z - Statistiques

Statistiques générales
  • Ce quiz a été pris 237 fois
    27 depuis la dernière actualisation
  • Le résultat moyen est 9 sur 21
Statistiques - réponses
Gagnants % Correct
M Måneskin / Måns Zelmerlöw / Marie Myriam / Marie N / Marija Šerifović / Massiel / Milk and Honey
96%
L Lena Meyer-Landrut / Lenny Kuhr / Linda Martin / Lordi / Loreen / Lulu / Lys Assia
88%
C Carola / Céline Dion / Charlie McGettigan / Charlotte Nilsson / Conchita Wurst / Corinne Hermès / Corry Brokken
83%
N Netta / Nemo / Niamh Kavanagh / Nicole
83%
A ABBA / Alexander Rybak / André Claveau / Anne-Marie David
79%
D Dana / Dana Internaional / Dara / Dave Benton / Dima Bilan / Duncan Laurence
79%
J Jacqueline Boyer / Jamala / Jean-Claude Pascal / JJ / Johnny Logan / Jørgen Ingmann
79%
F France Gall / Frida Boccara
58%
S Salomé / Salvador Sobral / Sandie Shaw / Sandra Kim / Secret Garden Sertab Erener / Séverine
54%
K Kalush Orchestra / Katrina and the Waves
50%
H Helena Paparízou / Herreys
29%
E Eimear Quinn / Ell et Nikki / Emmelie de Forest
25%
I Isabelle Aubret / Izhar Cohen
21%
T Tanel Padar / Teach-In / Teddy Scholten / The Alphabeta / Toto Cutugno
21%
R Riva / Ruslana
17%
V Vicky Leandros
17%
O Olsen Brothers
13%
B Bobbysocks / Brotherhood of Man / Bucks Fizz
4%
G Gali Atari / Gigliola Cinquetti / Grethe Ingmann
4%
U Udo Jürgens
4%
P Paul Harrington
0%
Aucun quiz correspondant
Distribution des résultats
% des personnes avec chaque résultat
Percentile par nombre de réponses
Votre historique - résultats
Vous n’avez pas pris ce quiz depuis la dernière actualisation